<?xml version="1.0" encoding="UTF-8"?>
<record
    xmlns:xsi="http://www.w3.org/2001/XMLSchema-instance"
    xsi:schemaLocation="http://www.loc.gov/MARC21/slim http://www.loc.gov/standards/marcxml/schema/MARC21slim.xsd"
    xmlns="http://www.loc.gov/MARC21/slim">

  <leader>00345nam a22001217a 4500</leader>
  <controlfield tag="008">140106b        xxu||||| |||| 00| 0 eng d</controlfield>
  <datafield tag="010" ind1=" " ind2=" ">
    <subfield code="a">2012032884</subfield>
  </datafield>
  <datafield tag="020" ind1=" " ind2=" ">
    <subfield code="a">978111817313</subfield>
    <subfield code="c">Available</subfield>
  </datafield>
  <datafield tag="082" ind1=" " ind2=" ">
    <subfield code="a">658.403PAR</subfield>
    <subfield code="b">002484</subfield>
  </datafield>
  <datafield tag="100" ind1=" " ind2=" ">
    <subfield code="g">HB,396p</subfield>
  </datafield>
  <datafield tag="245" ind1=" " ind2=" ">
    <subfield code="a">Handbook of Decision Analysis</subfield>
    <subfield code="c">Parnell Gregory S</subfield>
  </datafield>
  <datafield tag="260" ind1=" " ind2=" ">
    <subfield code="a">Canada</subfield>
    <subfield code="b">Johan Wiley &amp; Sons </subfield>
    <subfield code="c">2013</subfield>
  </datafield>
  <datafield tag="999" ind1=" " ind2=" ">
    <subfield code="c">23765</subfield>
    <subfield code="d">23765</subfield>
  </datafield>
  <datafield tag="952" ind1=" " ind2=" ">
    <subfield code="0">0</subfield>
    <subfield code="1">0</subfield>
    <subfield code="2">ddc</subfield>
    <subfield code="4">0</subfield>
    <subfield code="7">0</subfield>
    <subfield code="a">RCMS</subfield>
    <subfield code="b">RCMS</subfield>
    <subfield code="c">GEN</subfield>
    <subfield code="d">2014-01-06</subfield>
    <subfield code="l">1</subfield>
    <subfield code="o">658.403PAR </subfield>
    <subfield code="p">RCMS002484</subfield>
    <subfield code="r">2019-03-01</subfield>
    <subfield code="s">2019-02-04</subfield>
    <subfield code="w">2014-01-06</subfield>
    <subfield code="y">BK</subfield>
  </datafield>
</record>
